Представление документа в формате MARC21

ПолеНазваниеЗначение
  Тип записи a
  Библиографический уровень m
001 Контрольный номер RU\infra-m\znanium\bibl\2221040
005 Дата корректировки 20260429142214.0
008 Кодируемые данные 251119s2025 RU g rus u
020 Индекс ISBN __
a ISBN 978-5-16-021277-7
020 Индекс ISBN __
a ISBN 978-5-16-108997-2 (электр. издание)
040 Источник каталогиз. __
a Служба первич. каталог. Общество с ограниченной ответственностью «ЗНАНИУМ»
041 Код языка издания __
a Код языка текста rus
044 Код страны публикации __
a Код страны публикации RU
080 Индекс УДК __
a Индекс УДК 691(075.32)
084 Индекс другой классификации/Индекс ББК __
2 Источник индекса rubbk
a Индекс другой классификации/Индекс ББК 38.3я723
084 Индекс другой классификации/Индекс ББК __
2 Источник индекса okso
a Индекс другой классификации/Индекс ББК 07.02.01
084 Индекс другой классификации/Индекс ББК __
2 Источник индекса okso
a Индекс другой классификации/Индекс ББК 08.01.27
084 Индекс другой классификации/Индекс ББК __
2 Источник индекса okso
a Индекс другой классификации/Индекс ББК 08.01.28
084 Индекс другой классификации/Индекс ББК __
2 Источник индекса okso
a Индекс другой классификации/Индекс ББК 08.02.01
084 Индекс другой классификации/Индекс ББК __
2 Источник индекса okso
a Индекс другой классификации/Индекс ББК 08.02.02
084 Индекс другой классификации/Индекс ББК __
2 Источник индекса okso
a Индекс другой классификации/Индекс ББК 08.02.08
084 Индекс другой классификации/Индекс ББК __
2 Источник индекса okso
a Индекс другой классификации/Индекс ББК 08.02.12
084 Индекс другой классификации/Индекс ББК __
2 Источник индекса okso
a Индекс другой классификации/Индекс ББК 08.02.13
084 Индекс другой классификации/Индекс ББК __
2 Источник индекса okso
a Индекс другой классификации/Индекс ББК 08.02.14
084 Индекс другой классификации/Индекс ББК __
2 Источник индекса okso
a Индекс другой классификации/Индекс ББК 23.02.08
084 Индекс другой классификации/Индекс ББК __
2 Источник индекса okso
a Индекс другой классификации/Индекс ББК 35.02.12
100 Автор __
a Автор Красовский П. С.
q Полное имя Красовский Павел Станиславович
u Дополнение Дальневосточный государственный университет путей сообщения
245 Заглавие __
a Заглавие Строительные материалы
b Продолж. заглавия Учебное пособие
c Ответственность Дальневосточный государственный университет путей сообщения
250 Сведения об издании __
a Основные сведения об издании 1
260 Выходные данные __
a Место издания Москва
b Издательство ООО "Научно-издательский центр ИНФРА-М"
c Дата издания 2026
300 Физическое описание __
a Объем 256 с.
440 Серия __
a Серия Среднее профессиональное образование
520 Аннотация __
a Аннотация В учебном пособии рассмотрены основные виды строительных материалов их технические свойства и рациональные области применения в строительстве во взаимосвязи с составом и строением материалов. Предназначено для студентов учреждений среднего профессионального образования обучающихся по укрупненной группе специальностей 08.02.00 «Техника и технологии строительства» а также может быть использовано для студентов вузов.
521 Примеч. о цел. назн. __
a Примеч. о целев. назн. Среднее профессиональное образование
650 Тематические рубрики __
a Основная рубрика Строительство
x Основная подрубрика Строительные материалы и изделия. Производство стройматериалов
655 Указ. предметных рубрик (устаревшее) __
a Жанр/ форма (устаревшее) Учебное пособие
856 Электронный адрес документа 4_
a Имя сервера/домена znanium.ru
m Помощь ebs_support@infra-m.ru
n Местонахождение сервера НИЦ ИНФРА-М
u URL https://znanium.ru/catalog/document?id=470840
856 Электронный адрес документа 48
a Имя сервера/домена znanium.ru
d Путь /cover/2221
f Электронное имя 2221040.jpg
q Тип электронного формата image/jpeg
u URL https://znanium.ru/cover/2221/2221040.jpg
911 __
u 0030=https://znanium.ru/catalog/document?id=470840